Bath time / (Record no. 7988)

MARC details
000 -LEADER
fixed length control field 00618nam a22002297a 4500
001 - CONTROL NUMBER
control field 7988
003 - CONTROL NUMBER IDENTIFIER
control field FISKH
005 - DATE AND TIME OF LATEST TRANSACTION
control field 20250818094301.0
008 - FIXED-LENGTH DATA ELEMENTS--GENERAL INFORMATION
fixed length control field 250818b cb ||||| |||| 00| 0 eng d
020 ## - INTERNATIONAL STANDARD BOOK NUMBER
International Standard Book Number 9781617418921
040 ## - CATALOGING SOURCE
Original cataloging agency FISKH
Language of cataloging eng
Transcribing agency FISKH
Modifying agency FISKH
050 ## - LIBRARY OF CONGRESS CALL NUMBER
Classification number RA780.R47 B38
082 ## - DEWEY DECIMAL CLASSIFICATION NUMBER
Classification number 813
100 ## - MAIN ENTRY--PERSONAL NAME
Personal name Reasoner, Charles
245 ## - TITLE STATEMENT
Title Bath time /
Statement of responsibility, etc. by Charles Reasoner
260 ## - PUBLICATION, DISTRIBUTION, ETC.
Place of publication, distribution, etc. Nodica :
Name of publisher, distributor, etc. Rourke,
Date of publication, distribution, etc. 2011.
300 ## - PHYSICAL DESCRIPTION
Extent 10 unnumbered pages :
Other physical details color illustrations ;
Dimensions 14 cm
505 ## - FORMATTED CONTENTS NOTE
Formatted contents note NP<br/>
520 ## - SUMMARY, ETC.
Summary, etc. Follow Baby Bear to learn about Bath Time.
942 ## - ADDED ENTRY ELEMENTS (KOHA)
Source of classification or shelving scheme Dewey Decimal Classification
Koha item type Books
Suppress in OPAC No
Holdings
Withdrawn status Lost status Source of classification or shelving scheme Damaged status Not for loan Collection Home library Current library Shelving location Date acquired Total Checkouts Full call number Barcode Date last seen Date last checked out Copy number Price effective from Koha item type
    Dewey Decimal Classification     Juvenile Fiction Footprints International School Library Network Toul Kork Campus Footprints International School Library Network Toul Kork Campus TK Primary Library Room(4th Floor), Bookcase 7, Shelves 57-60, Dark Green Books 08/18/2025 1 REA 813 RA780.R47 B38 FISTK02738 01/20/2026 01/13/2026 1 08/18/2025 Books